Elementary particles - Statistics

General Stats
  • This quiz has been taken 94 times
  • The average score is 14 of 17
Answers on the Map
Answers color-coded by a green-red scale on the quiz's map according to % correct below.
 
Answer Stats
Answer % Correct
Up
98%
Down
96%
Electron
96%
Charm
94%
Strange
94%
Tau
94%
Bottom
92%
Top
92%
Higgs boson
84%
Muon
84%
Gluon
80%
Photon
80%
W boson
75%
Z boson
75%
Electron neutrino
73%
Tau neutrino
71%
Muon neutrino
69%
No matching quizzes found
Score Distribution
Percent of People with Each Score
Percentile by Number Answered
Your Score History
You have not taken this quiz